| 000 | 00457nam a2200181Ia 4500 | ||
|---|---|---|---|
| 005 | 20250326130012.0 | ||
| 008 | 250326s9999 xx 000 0 und d | ||
| 037 | _aTextbook | ||
| 040 |
_aFMSL _beng _cFMSL |
||
| 041 |
_aeng _2eng |
||
| 084 |
_aX:8 N0 _qFMSL |
||
| 100 |
_aHODGE _9740012 |
||
| 245 | 0 |
_aManagement _cHodge; Johnson |
|
| 260 |
_aNY _bNY, John Wiley _c1970 |
||
| 300 | _a531p | ||
| 942 |
_cTB _hX:8 N0 |
||
| 999 |
_c1280518 _d1280518 |
||